000 00387nam a22001457a 4500
020 _a81555000010109
082 _a894-812
_bSAT/L
100 _aSATHEESAN
245 _aLOKAPRASASTHA THATHWACHINTHAKANMAR
_bFAMOUS PERSONS
246 _aLOKAPRASASTHA THATHWACHINTHAKANMAR
_bFAMOUS PERSONS
260 _aTHRISSUR
_bH& C
_c2009
300 _a48
520 _aWORLD FAMOUS PERSONS
942 _cBK
999 _c1054
_d1054